000 00962nam a2200289 a 4500
001 000018404
005 20260316120529.0
008 100504s1946 sp 001 m spa d
040 _aDO-SdBNP
_bspa
_cBNPHU
082 _a868.3
_bV145d
100 1 _aValdés, Juan de,
_d1509-1541
_915874
245 1 0 _aDiálogo de la lengua /
_cJuan de Valdés.
260 _aMadrid :
_bEspasa-Calpe,
_c1946.
300 _a228 p. ;
_c18 cm.
490 1 _aClásicos castellanos
_v86
500 _aIncluye índice de palabras y materias citadas.
500 _aIncluye índice de refranes y frases.
500 _aBibliografías: p. 223-228
504 _aIncluye referencias bibliográficas y notas al pie de las páginas.
650 0 _aDiálogos españoles
_915875
650 4 _aTeatro español
_93071
650 4 _aLiteratura española
_9632
650 0 _aFilosofía española
_915876
830 0 _aClásicos castellanos ;
_v86
_94180
910 _aWM
049 _aBNGR
999 _c17925
_d17925